| Tag |
First Indicator |
Second Indicator |
Subfields |
| LEADER |
00000cam a2200000 a 4500 |
| 001 |
in00004472910 |
| 005 |
20191202143234.0 |
| 008 |
900521s1990 gw a 00010 eng c |
| 010 |
|
|
|a 90011092
|
| 020 |
|
|
|a 3135009041 (Thieme)
|
| 020 |
|
|
|a 0865773734 (Thieme Medical)
|
| 035 |
|
|
|a (OCoLC)21761330
|
| 035 |
|
|
|9 AAE2386MS
|
| 035 |
|
|
|z (UtOrBLW)13514
|
| 035 |
|
|
|a 24086
|
| 040 |
|
|
|a DNLM/DLC
|c DLC
|d TMV
|d UtOrBLW
|
| 041 |
1 |
|
|a eng
|h ger
|
| 049 |
|
|
|a TMVM
|c 1
|
| 050 |
1 |
0 |
|a RB45
|b .F7413 1990
|
| 060 |
|
0 |
|a QY 400 F897b
|
| 060 |
|
4 |
|a QY 400
|b F897b 1990a
|
| 082 |
0 |
0 |
|a 616.1/5/075
|2 20
|
| 100 |
1 |
|
|a Frick, Paul,
|d 1922-
|
| 240 |
1 |
0 |
|a Blut- und Knochenmarksmorphologie, Blutgerinnung.
|l English
|
| 245 |
1 |
0 |
|a Blood and bone marrow morphology, blood coagulation :
|b a manual /
|c by Paul Frick ; translated by E.M. Gillis.
|
| 250 |
|
|
|a Fourth revised edition.
|
| 264 |
|
1 |
|a Stuttgart ;
|a New York :
|b Thieme ;
|a New York :
|b Thieme Medical Publishers,
|c 1990.
|
| 300 |
|
|
|a viii, 63 pages :
|b color illustrations ;
|c 23 cm.
|
| 336 |
|
|
|a text
|2 rdacontent
|b txt
|
| 337 |
|
|
|a unmediated
|2 rdamedia
|
| 338 |
|
|
|a volume
|2 rdacarrier
|b nc
|
| 500 |
|
|
|a Translation of: Blut- und Knochenmarksmorphologie, Blutgerinnung. 17th revised edition 1984.
|
| 650 |
|
2 |
|a Hematologic Diseases
|x diagnosis.
|
| 650 |
|
2 |
|a Hematology
|v Laboratory Manuals.
|
| 999 |
|
|
|a MARS
|
| 999 |
f |
f |
|s 0ec3677b-c133-3751-bac0-c76a262801fd
|i ae8a44ce-75c7-30d3-902c-6ee68ffa11c9
|t 0
|
| 952 |
f |
f |
|p ric
|a Texas A&M University
|b Rellis Campus
|c Joint Library Facility
|d Remote Storage
|t 0
|e QY 400 F897b 1990a
|h National Library of Medicine classification
|i unmediated -- volume
|m 323890096939I
|
| 998 |
f |
f |
|a QY 400 F897b 1990a
|t 0
|l Remote Storage
|